000 01057nam a22003617a 4500
001 0003662
003 KOHA_MİRAKIL
005 20260207001343.0
007 ta
008 090415b2001 tu |||gr||||#||||0|tur |
020 _a9757351628
040 _aTR-BiSEU
_btur
_cTR-BiSEU
_erda
041 0 _atur
044 _ctu
050 _aJZ1318
_b.Y85 2001
100 1 _aYüksel, Mehmet.
245 1 _aKüreselleşme ulusal hukuk ve Türkiye/
_cMehmet Yüksel ; Mehmet Yüksel.
264 1 _aAnkara :
_bSiyasal Kitabevi, 2001
_c2001
300 _aİV, 314 sayfa
336 _ametin
_btxt
_2rdacontent
337 _aaracısız
_bn
_2rdamedia
338 _acilt
_bnc
_2rdacarrier
500 _aKaynakça var.
650 0 _aInternational relations.
_97042
650 0 _aInternational law.
_96830
650 0 _aGlobalization.
_98441
650 0 _aUluslararası ilişkiler.
_97041
650 0 _aUluslararası hukuk.
_96825
650 0 _aKüreselleşme.
_96273
650 0 _aLaw--Turkey.
_94193
650 0 _aHukuk--Türkiye.
_94192
942 _2lcc
_cBK
999 _c3646
_d3646